<?xml version="1.0" encoding="UTF-8"?>
<record
    xmlns:xsi="http://www.w3.org/2001/XMLSchema-instance"
    xsi:schemaLocation="http://www.loc.gov/MARC21/slim http://www.loc.gov/standards/marcxml/schema/MARC21slim.xsd"
    xmlns="http://www.loc.gov/MARC21/slim">

  <leader>01966nam a22002657a 4500</leader>
  <datafield tag="999" ind1=" " ind2=" ">
    <subfield code="c">808</subfield>
    <subfield code="d">808</subfield>
  </datafield>
  <controlfield tag="003">OSt</controlfield>
  <controlfield tag="005">20190619204235.0</controlfield>
  <controlfield tag="008">160822b        xxu||||| |||| 00| 0 esp d</controlfield>
  <datafield tag="040" ind1=" " ind2=" ">
    <subfield code="c">DO-SdBJH</subfield>
    <subfield code="a">DO-SdBJH</subfield>
    <subfield code="b">spa</subfield>
  </datafield>
  <datafield tag="090" ind1=" " ind2=" ">
    <subfield code="a">TG EGEA</subfield>
    <subfield code="b">00586 2012</subfield>
  </datafield>
  <datafield tag="100" ind1="1" ind2=" ">
    <subfield code="a">Santos Rivas, Roilan Javier</subfield>
    <subfield code="e">sustentante</subfield>
  </datafield>
  <datafield tag="245" ind1="1" ind2="0">
    <subfield code="a">Capacidades y limitaciones de la Fuerza A&#xE9;rea Dominicana en apoyo a las operaciones vigente de mantenimiento e imposici&#xF3;n de paz para la organizaci&#xF3;n de las Naciones Unidas a partir del periodo 2000-2012 / </subfield>
    <subfield code="c">Roilan Javier Santos Rivas, Manuel de Js. M&#xE9;ndez Mercedes, asesores  Manuel E. M&#xE9;ndez Segura, Luis Salvador Rodr&#xED;guez Espinal                </subfield>
  </datafield>
  <datafield tag="260" ind1=" " ind2=" ">
    <subfield code="a">Santo Domingo Este :</subfield>
    <subfield code="b">INSUDE, </subfield>
    <subfield code="c">2012</subfield>
  </datafield>
  <datafield tag="300" ind1=" " ind2=" ">
    <subfield code="a">xiv, 91 p&#xE1;ginas, ilustraciones</subfield>
  </datafield>
  <datafield tag="502" ind1=" " ind2=" ">
    <subfield code="a">Tesis (Especialidad en Comando y Estado Mayor A&#xE9;reo).-- Instituto Superior para la Defensa (INSUDE). Escuela de Graduados de Estudios Aeron&#xE1;uticos, 2012.</subfield>
  </datafield>
  <datafield tag="504" ind1=" " ind2=" ">
    <subfield code="a">Incluye referencias bibliogr&#xE1;ficas e &#xED;ndices</subfield>
  </datafield>
  <datafield tag="505" ind1=" " ind2=" ">
    <subfield code="a">Origen y prop&#xF3;sitos de la creaci&#xF3;n de las operaciones de mantenimiento e imposiciones de paz. -- Las operaciones de mantenimiento de paz. -- Fortalezas y debilidades de la Fuerza A&#xE9;rea Dominicana para la conformaci&#xF3;n de un contingente FAD, especializado en operaciones de mantenimiento de paz, en apoyo a la unidad de la conferencia de las Fuerza A&#xE9;rea de Centroam&#xE9;rica (CFAC), bajo el mandato de la ONU
</subfield>
  </datafield>
  <datafield tag="650" ind1=" " ind2="4">
    <subfield code="a">Fuerza A&#xE9;rea Dominicana.  Escuela de Graduados Operaciones vigentes-Mantenimiento de Paz.</subfield>
  </datafield>
  <datafield tag="650" ind1=" " ind2="4">
    <subfield code="a">Capacidad y limitaciones Fuerza A&#xE9;rea Dominicana -- En imposici&#xF3;n de paz organizaci&#xF3;n de las Naciones Unidas -- Apoyo</subfield>
  </datafield>
  <datafield tag="700" ind1="1" ind2=" ">
    <subfield code="a">M&#xE9;ndez Mercedes,  Manuel de Js. </subfield>
    <subfield code="e">sustentante</subfield>
  </datafield>
  <datafield tag="700" ind1="1" ind2=" ">
    <subfield code="a">M&#xE9;ndez Segura, Manuel E.</subfield>
    <subfield code="e">asesor</subfield>
  </datafield>
  <datafield tag="700" ind1="1" ind2=" ">
    <subfield code="a">Rodr&#xED;guez Espinal, Luis Salvador</subfield>
    <subfield code="e">asesor</subfield>
  </datafield>
  <datafield tag="830" ind1=" " ind2=" ">
    <subfield code="a">INSUDE.  Escuela de Graduados de Estudios Aeron&#xE1;uticos.  Tesis y disertaciones acad&#xE9;micas</subfield>
  </datafield>
  <datafield tag="942" ind1=" " ind2=" ">
    <subfield code="2">CL</subfield>
    <subfield code="c">T</subfield>
  </datafield>
  <datafield tag="952" ind1=" " ind2=" ">
    <subfield code="0">0</subfield>
    <subfield code="1">0</subfield>
    <subfield code="2">CL</subfield>
    <subfield code="4">0</subfield>
    <subfield code="7">1</subfield>
    <subfield code="8">TG</subfield>
    <subfield code="a">BJHA</subfield>
    <subfield code="b">BJHA</subfield>
    <subfield code="d">2016-08-22</subfield>
    <subfield code="i">12-00586</subfield>
    <subfield code="l">0</subfield>
    <subfield code="o">TG EGEA 00586 2012</subfield>
    <subfield code="p">12-00586</subfield>
    <subfield code="r">2018-10-06 00:00:00</subfield>
    <subfield code="t">e.1</subfield>
    <subfield code="w">2016-08-22</subfield>
    <subfield code="y">T</subfield>
  </datafield>
  <datafield tag="952" ind1=" " ind2=" ">
    <subfield code="0">0</subfield>
    <subfield code="1">0</subfield>
    <subfield code="2">ddc</subfield>
    <subfield code="4">0</subfield>
    <subfield code="7">0</subfield>
    <subfield code="8">CG</subfield>
    <subfield code="a">BEGCEMA</subfield>
    <subfield code="b">BEGCEMA</subfield>
    <subfield code="d">2019-08-19</subfield>
    <subfield code="i">IMESA20004</subfield>
    <subfield code="l">0</subfield>
    <subfield code="o">TG EGEA 00586 2012</subfield>
    <subfield code="p">IMESA20004</subfield>
    <subfield code="r">2019-08-19 00:00:00</subfield>
    <subfield code="t">ej: 2</subfield>
    <subfield code="w">2019-08-19</subfield>
    <subfield code="y">T</subfield>
  </datafield>
  <datafield tag="952" ind1=" " ind2=" ">
    <subfield code="0">0</subfield>
    <subfield code="1">0</subfield>
    <subfield code="2">ddc</subfield>
    <subfield code="4">0</subfield>
    <subfield code="7">0</subfield>
    <subfield code="8">CG</subfield>
    <subfield code="a">BEGCEMA</subfield>
    <subfield code="b">BEGCEMA</subfield>
    <subfield code="d">2019-08-19</subfield>
    <subfield code="i">IMESA20005</subfield>
    <subfield code="l">0</subfield>
    <subfield code="o">TG EGEA 00586 2012</subfield>
    <subfield code="p">IMESA20005</subfield>
    <subfield code="r">2019-08-19 00:00:00</subfield>
    <subfield code="t">ej: 2</subfield>
    <subfield code="w">2019-08-19</subfield>
    <subfield code="y">T</subfield>
  </datafield>
</record>
